Diccionario Enciclopédico U.T.E.H.A. (P-Rob)
Gespeichert in:
| Format: | Buch |
|---|---|
| Sprache: | Undetermined |
| Veröffentlicht: |
México, Distrito Federal
Hispano Americana
1953
|
| Schlagworte: | |
| Tags: |
Tag hinzufügen
Keine Tags, Fügen Sie den ersten Tag hinzu!
|
MARC
| LEADER | 00000nam a2200000Ia 4500 | ||
|---|---|---|---|
| 008 | 170316s9999 xx 000 0 und d | ||
| 040 | |a cru BVZT | ||
| 090 | |a REF | ||
| 245 | |a Diccionario Enciclopédico U.T.E.H.A. (P-Rob) | ||
| 260 | |a México, Distrito Federal | ||
| 260 | |b Hispano Americana | ||
| 260 | |c 1953 | ||
| 300 | |a 1328 páginas Tomo VIII | ||
| 650 | |a REFERENCIA | ||
| 942 | |c REF | ||
| 999 | |c 14630 |d 14630 | ||
